000 00855nam a22002657a 4500
010 _aBAC-EN21 ENG-111723
020 _a9788121926188
_c400.00
020 _a8121926181
_c400.00
035 _aEN-95255
035 _aB-593389-416
037 _bUBH/Ven
_adpl
037 _bDBAD/PUB
082 _a585
100 _aVashishta, P.C.
245 _aGymnosperms /
_cby P.C. Vashishta; revised by A. K. Sinha [and] Anil kumar
250 _arev. ed
260 _aNew Delhi
_bS. Chand
_c2014(repr.)
270 _a7361, Ram Nagar,
_bNew Delhi
_e110055
300 _axii, 580p.
_bcol ill.
_c24cm(pbk)
500 _aIncludes bibliographical references
700 _aSinha, A.K.
700 _aAnil Kumar
942 _2ddc
_cEN
_mVAS
_h585
999 _c89033
_d89033